000 00403nam a2200157Ia 4500
008 230917s9999||||xx |||||||||||||| ||und||
040 _e135109
_aMAIN
041 _aEnglish
082 _a616.89 G281S
100 _aGelder, Michael
245 0 _aShorter Oxford textbook of psychiatry
250 _a5th ed.
260 _aNew Delhi
_bOxford University Press
_c2008
300 _a846p. p.
942 _cBK
999 _c146997
_d146997